Guess the band - Hard - Statistics

General Stats
  • This quiz has been taken 38 times
  • The average score is 9 of 20
Answer Stats
Hint Answer % Correct
A Hard day's night Beatles
77%
Rock The Casbah Clash
71%
Psycho killers Talking Heads
65%
Crocodile rock Elton John
61%
Rebel Rebel David Bowie
55%
Something in the way Nirvana
55%
My Sharona The Knack
55%
Rock and roll all nite Kiss
52%
When the Levee breaks Led Zeppelin
48%
Two Princes Spin Doctors
48%
Are you gonna be my girl Jet
45%
Highway star Deep purple
42%
Fell in love with a girl White Stripes
39%
Never let me down again Depeche Mode
29%
Hard skool Guns N' Roses
26%
One of those days Ozzy Osborne
26%
Tippa my tongue Red hot chili peppers
26%
Face it alone Queen
19%
Sketches of pain Tears for fears
10%
Girl goodbye Toto
10%
No matching quizzes found
Score Distribution
Percent of People with Each Score
Percentile by Number Answered
Your Score History
You have not taken this quiz